Naismith Award Winners by Year - Statistics

General Stats
  • This quiz has been taken 32 times
    10 since last reset
  • The average score is 38 of 57
Answer Stats
Year School Player % Correct
2009 Oklahoma Blake Griffin
100%
2025 Duke Cooper Flagg
100%
2015 Wisconsin Frank Kaminsky
100%
2018 Villanova Jalen Brunson
100%
2006 Duke JJ Redick
100%
2021 Iowa Luka Garza
100%
2020 Dayton Obi Toppin
100%
2023 Purdue Zach Edey
100%
2024 Purdue Zach Edey
100%
2019 Duke Zion WIlliamson
100%
2012 Kentucky Anthony Davis
83%
2016 Oklahoma Buddy Hield
83%
2014 Creighton Doug McDermott
83%
2011 BYU Jimmer Fredette
83%
1969 UCLA Kareem Abdul Jabbar
83%
2007 Texas Kevin Durant
83%
1984 North Carolina Michael Jordan
83%
2005 Utah Andrew Bogut
67%
1972 UCLA Bill Walton
67%
1973 UCLA Bill Walton
67%
1974 UCLA Bill Walton
67%
1992 Duke Christian Laettner
67%
1988 Kansas Danny Manning
67%
1987 Navy David Robinson
67%
2017 Kansas Frank Mason III
67%
2004 St. Joseph's Jameer Nelson
67%
1979 Indiana State Larry Bird
67%
1991 UNLV Larry Johnson
67%
1996 UMass Marcus Camby
67%
2022 Kentucky Oscar Tshiebwe
67%
1985 Georgetown Patrick Ewing
67%
1997 Wake Forest Tim Duncan
67%
2008 North Carolina Tyler Hansbrough
67%
1998 North Carolina Antawn Jamison
50%
1993 Indiana Calbert Cheaney
50%
1989 Duke Danny Ferry
50%
1975 NC State David Thompson
50%
1999 Duke Elton Brand
50%
2010 Ohio State Evan Turner
50%
1994 Purdue Glenn Robinson
50%
1995 Maryland Jakorie Smith
50%
2002 Duke Jay Williams
50%
1986 Duke Johnny Dawkins
50%
2000 Cincinnati Kenyon Martin
50%
1990 La Salle Lionel Simmons
50%
1980 DePaul Mark Aguirre
50%
1970 LSU Pete Maravich
50%
1981 Virginia Ralph Sampson
50%
1982 Virginia Ralph Sampson
50%
1983 Virginia Ralph Sampson
50%
2001 Duke Shane Battier
50%
2003 Texas TJ Ford
50%
2013 Michigan Trey Burke
50%
1971 Notre Dame Austin Carr
33%
1978 Marquette Butch Lee
33%
1977 UCLA Marques Johnson
33%
1976 Indiana Scott May
33%
No matching quizzes found
Score Distribution
Percent of People with Each Score
Percentile by Number Answered
Your Score History
You have not taken this quiz since the last reset